MARC details
| 000 -LEADER |
| fixed length control field |
02470cam a22003858i 4500 |
| 001 - CONTROL NUMBER |
| control field |
23661140 |
| 003 - CONTROL NUMBER IDENTIFIER |
| control field |
OSt |
| 005 - DATE AND TIME OF LATEST TRANSACTION |
| control field |
20260512142755.0 |
| 008 - FIXED-LENGTH DATA ELEMENTS--GENERAL INFORMATION |
| fixed length control field |
240426s2025 nyu b 001 0 eng |
| 010 ## - LIBRARY OF CONGRESS CONTROL NUMBER |
| LC control number |
2024018694 |
| 020 ## - INTERNATIONAL STANDARD BOOK NUMBER |
| International Standard Book Number |
9781032519845 |
| Qualifying information |
(paperback) |
| 035 ## - SYSTEM CONTROL NUMBER |
| System control number |
23661140 |
| 040 ## - CATALOGING SOURCE |
| Original cataloging agency |
DLC |
| Language of cataloging |
eng |
| Description conventions |
rda |
| Transcribing agency |
DLC |
| Modifying agency |
MILA_ain |
| 042 ## - AUTHENTICATION CODE |
| Authentication code |
pcc |
| 050 00 - LIBRARY OF CONGRESS CALL NUMBER |
| Classification number |
PN4784.B75 |
| Item number |
P36 2025 |
| 100 1# - MAIN ENTRY--PERSONAL NAME |
| Personal name |
Papper, Robert A., |
| Dates associated with a name |
1947- |
| Relator term |
author. |
| 240 10 - UNIFORM TITLE |
| Uniform title |
Broadcast news writing stylebook |
| 245 10 - TITLE STATEMENT |
| Title |
Broadcast news and writing stylebook / |
| Statement of responsibility, etc. |
Bob Papper and Janet Kolodzy. |
| 246 3# - VARYING FORM OF TITLE |
| Title proper/short title |
Broadcast, news and writing stylebook |
| 250 ## - EDITION STATEMENT |
| Edition statement |
8th Edition. |
| 263 ## - PROJECTED PUBLICATION DATE |
| Projected publication date |
1111 |
| 264 #1 - PRODUCTION, PUBLICATION, DISTRIBUTION, MANUFACTURE, AND COPYRIGHT NOTICE |
| Place of production, publication, distribution, manufacture |
New York : |
| Name of producer, publisher, distributor, manufacturer |
Routledge, |
| Date of production, publication, distribution, manufacture, or copyright notice |
2025. |
| 300 ## - PHYSICAL DESCRIPTION |
| Extent |
pages cm |
| 336 ## - CONTENT TYPE |
| Content type term |
text |
| Content type code |
txt |
| Source |
rdacontent |
| 337 ## - MEDIA TYPE |
| Media type term |
unmediated |
| Media type code |
n |
| Source |
rdamedia |
| 338 ## - CARRIER TYPE |
| Carrier type term |
volume |
| Carrier type code |
nc |
| Source |
rdacarrier |
| 504 ## - BIBLIOGRAPHY, ETC. NOTE |
| Bibliography, etc. note |
Includes bibliographical references and index. |
| 520 ## - SUMMARY, ETC. |
| Summary, etc. |
"Broadcast News and Writing Stylebook is the go-to resource for writing broadcast news, offering a concise introduction to writing engaging stories for television, radio, podcasts, and online media. Covering the nuances of reporting, grammar, style, and usage, readers will learn how to craft stories on government, crime, weather, education, health, sports, and more. This eighth edition is updated to include: New sections on industry challenges and opportunities from Artificial Intelligence, deep fakes, and streaming. Fully updated examples, exercises, and glossary. An expanded focus on ethics with ethical issues discussed in virtually every chapter. Drawing on over a quarter of a century of broadcast news and industry research experience, authors Papper and Kolodzy once again ensure this vital text contains all the information necessary for being a successful news writer today. Whether you're a journalism student or a working broadcast professional, Broadcast News and Writing Stylebook is a definitive reference for your bookshelf. This book also features an accompanying Instructor Manual, found at www.routledge.com/9781032519845"-- |
| Assigning source |
Provided by publisher. |
| 650 #0 - SUBJECT ADDED ENTRY--TOPICAL TERM |
| Topical term or geographic name entry element |
Broadcast journalism |
| General subdivision |
Authorship. |
| 650 #0 - SUBJECT ADDED ENTRY--TOPICAL TERM |
| Topical term or geographic name entry element |
Journalism |
| Form subdivision |
Style manuals. |
| 650 #0 - SUBJECT ADDED ENTRY--TOPICAL TERM |
| Topical term or geographic name entry element |
Report writing. |
| 700 1# - ADDED ENTRY--PERSONAL NAME |
| Personal name |
Kolodzy, Janet, |
| Dates associated with a name |
1955- |
| Relator term |
author. |
| 776 08 - ADDITIONAL PHYSICAL FORM ENTRY |
| Relationship information |
Online version: |
| Main entry heading |
Papper, Robert A., 1947- |
| Title |
Broadcast, News & Writing Stylebook |
| Edition |
8th Edition. |
| Place, publisher, and date of publication |
New York : Routledge, 2025. |
| International Standard Book Number |
9781003404712 |
| Record control number |
(DLC) 2024018695 |
| 942 ## - ADDED ENTRY ELEMENTS (KOHA) |
| Source of classification or shelving scheme |
Library of Congress Classification |
| Koha item type |
Book |